Statistics for Picture Quiz: famous people, first name starts with C

Click here to take the quiz!

General Stats

  • This quiz has been taken 111 times
  • The average score is 7 of 15

Answer Stats

Answer% Correct
Christopher Columbus
82%
Christopher Reeve
78%
Colin Powell
75%
Chris Rock
70%
Colin Firth
63%
Charlize Theron
58%
Courtney Love
53%
Christopher Lloyd
42%
Christopher Lee
38%
Candice Bergen
37%
Christian Slater
37%
Charlotte Bronte
28%
Cheryl Cole
28%
Catherine Deneuve
17%
Charlie Rich
5%

Score Distribution

Percentile by Number Answered

Percent of People with Each Score

Your Score History

You have not taken this quiz